000
00232nam a22000857a 4500
008
160920b xxu||||| |||| 00| 0 eng d
100
_9
670
_a
Sharma.V.D.
245
_a
Physical Education-IX,X
260
_a
New Delhi
_b
A.P.C. publications
_c
2011
999
_c
3327
_d
3327